[Event "World Amateur-ch"]
[Site "Iasi"]
[Date "2013.04.30"]
[Round "9"]
[White "Egeto, Janos Lehel"]
[Black "Liberman, Alexander"]
[Result "1-0"]
[WhiteElo "1865"]
[BlackElo "1999"]
[PlyCount "81"]
[EventDate "2013.04.22"]
[EventType "swiss"]
[EventRounds "9"]
[EventCountry "ROU"]
[SourceTitle "CBM 154 Extra"]
[Source "ChessBase"]
[SourceDate "2013.06.25"]
[SourceVersion "2"]
[SourceVersionDate "2013.06.25"]
[SourceQuality "1"]

1. d4 d5 2. c4 e6 3. Nc3 Nf6 4. cxd5 exd5 5. Bg5 c6 6. e3 Be7 7. Bd3 0-0 8. Qc2 h6 9. Bh4 Be6 10. Nge2 Nbd7 11. Nf4 Qa5 12. 0-0 g5 13. Nxe6 fxe6 14. Bg3 Bb4 15. Ne2 Nh5 16. Be5 Nxe5 17. dxe5 Qc7 18. f4 Qe7 19. Bg6 Bc5 20. Bxh5 Bxe3+ 21. Kh1 gxf4 22. Qg6+ Qg7 23. Rf3 Qxg6 24. Bxg6 Kg7 25. Bc2 c5 26. Raf1 c4 27. Nxf4 Bxf4 28. Rxf4 Rxf4 29. Rxf4 Rd8 30. Rf6 d4 31. Kg1 d3 32. Bd1 Rd5 33. Rxe6 Kf7 34. Rxh6 Rxe5 35. Kf2 Rb5 36. b3 c3 37. Rh7+ Ke6 38. Rc7 Ra5 39. a4 Rf5+ 40. Ke3 Rf1 41. Rxc3 1-0

[Event "World Amateur-ch"]
[Site "Iasi"]
[Date "2013.04.25"]
[Round "4"]
[White "Baasansuren, Erdene"]
[Black "Liberman, Alexander"]
[Result "1-0"]
[WhiteElo "1871"]
[BlackElo "1999"]
[PlyCount "81"]
[EventDate "2013.04.22"]
[EventType "swiss"]
[EventRounds "9"]
[EventCountry "ROU"]
[SourceTitle "CBM 154 Extra"]
[Source "ChessBase"]
[SourceDate "2013.06.25"]
[SourceVersion "2"]
[SourceVersionDate "2013.06.25"]
[SourceQuality "1"]

1. d4 d5 2. c4 e6 3. Nc3 Nf6 4. e3 c6 5. Nf3 Bd6 6. Bd3 0-0 7. 0-0 Nbd7 8. e4 dxe4 9. Nxe4 Nxe4 10. Bxe4 h6 11. b3 e5 12. dxe5 Nxe5 13. Bb2 Nxf3+ 14. Bxf3 Bf4 15. g3 Bg5 16. Re1 Be6 17. Bg2 Qa5 18. Qc2 Qd2 19. Qc3 Qxc3 20. Bxc3 a5 21. Rad1 Rfd8 22. Be4 a4 23. f4 Be7 24. f5 Bc5+ 25. Kg2 Bd7 26. b4 Bf8 27. a3 Be8 28. Be5 Rac8 29. Bd4 f6 30. Bb6 Rxd1 31. Rxd1 Bf7 32. c5 Re8 33. Rd4 Bh5 34. h3 Be2 35. Kf2 Bb5 36. Bd3 Re5 37. g4 Kf7 38. Bc7 Re7 39. Bd6 Rd7 40. Bxb5 Bxd6 41. Bc4+ 1-0

[Event "World Amateur-ch"]
[Site "Neos Marmaras"]
[Date "2012.04.21"]
[Round "8"]
[White "Liberman, Alexander"]
[Black "Iosifidis, Evangelos"]
[Result "1-0"]
[WhiteElo "1988"]
[BlackElo "1812"]
[PlyCount "65"]
[EventDate "2012.04.16"]
[EventType "swiss"]
[EventRounds "9"]
[EventCountry "GRE"]
[SourceTitle "CBM 148 Extra"]
[Source "ChessBase"]
[SourceDate "2012.06.22"]
[SourceVersion "1"]
[SourceVersionDate "2012.06.22"]
[SourceQuality "1"]

1. c4 e5 2. Nc3 Nf6 3. e4 Bc5 4. g3 Nc6 5. Bg2 0-0 6. h3 Re8 7. Nge2 Nd4 8. 0-0 c6 9. d3 d6 10. Kh2 Be6 11. f4 Rb8 12. Nxd4 Bxd4 13. Ne2 Bc5 14. b3 b5 15. cxb5 cxb5 16. d4 exd4 17. Nxd4 Qb6 18. Bb2 Rbd8 19. Qd3 a6 20. Rad1 Bc8 21. Rfe1 Bb7 22. Nf5 Re6 23. g4 h6 24. Ng3 Ne8 25. f5 Re7 26. e5 Bxg2 27. Kxg2 Bf2 28. Bd4 Bxd4 29. Qxd4 Qc6+ 30. Kf2 Qd7 31. f6 dxe5 32. Qe3 Qxd1 33. Rxd1 1-0

[Event "World Amateur-ch"]
[Site "Neos Marmaras"]
[Date "2012.04.20"]
[Round "7"]
[White "Johannesson, Oliver Aron"]
[Black "Liberman, Alexander"]
[Result "1-0"]
[WhiteElo "1677"]
[BlackElo "1988"]
[PlyCount "105"]
[EventDate "2012.04.16"]
[EventType "swiss"]
[EventRounds "9"]
[EventCountry "GRE"]
[SourceTitle "CBM 148 Extra"]
[Source "ChessBase"]
[SourceDate "2012.06.22"]
[SourceVersion "1"]
[SourceVersionDate "2012.06.22"]
[SourceQuality "1"]

1. e4 d5 2. exd5 Qxd5 3. Nc3 Qa5 4. Bc4 Nf6 5. Nge2 Bg4 6. d3 c6 7. f3 Bh5 8. h4 Bg6 9. Nf4 Bf5 10. Qe2 Bd7 11. Bd2 Qc7 12. g4 e6 13. g5 Ng8 14. 0-0-0 Bd6 15. Qe4 Ne7 16. h5 b5 17. Bb3 a5 18. a4 b4 19. Nce2 e5 20. Ng2 Na6 21. g6 f5 22. Qc4 Nd5 23. h6 hxg6 24. hxg7 Rg8 25. d4 e4 26. Nef4 Rxg7 27. Nxd5 cxd5 28. Qxd5 0-0-0 29. fxe4 fxe4 30. Qa8+ Nb8 31. Qxe4 Re8 32. Qf3 Rf8 33. Qd3 Bf5 34. Qc4 Qxc4 35. Bxc4 Rc7 36. b3 Be4 37. Rhg1 Bh2 38. Rh1 Bg3 39. Rh3 Bd6 40. Ne3 Nc6 41. Be6+ Kb8 42. Nc4 Nxd4 43. Rh4 Ne2+ 44. Kb2 Bf4 45. Bxf4 Nxf4 46. Rd4 g5 47. Rh6 Bf3 48. Nxa5 g4 49. Rxb4+ Ka8 50. Nc4 g3 51. Nb6+ Ka7 52. Nc8+ Ka8 53. Bd5+ 1-0